000 00694nam a2200265Ia 4500
005 20251020182459.0
008 200515s9999 xx 000 0 und d
020 _a970-18-6711-4
082 _a624.271/C26
100 _aCarmona Gonzáles, Carlos J.
100 _aGarcía Carbajal, Julio
100 _aOlvera Montes, Alfonso E.
245 0 _aIntroducción al Análsis de Estructuras Isostáticas
250 _a1a ed.
260 _aMéxico, D.F.
260 _bInstituto Politécnico Nacional
260 _c2001
300 _a228 p.
300 _bgraf.
500 _a1 ejemplar
650 _aANALISIS DE ESTRUCTURAS
650 _aESTRUCTURAS
942 _cLIB
999 _c1099
_d1099